[Event "45th FIDE Chess Olympiad Open"]
[Site "Budapest, Hungary"]
[Date "2024.09.11"]
[Round "1.201"]
[White "De Mey, Juan Pablo"]
[Black "Quizon, Daniel"]
[Result "0-1"]
[WhiteElo "1992"]
[BlackElo "2490"]
[PlyCount "70"]
[EventDate "2024.??.??"]
[WhiteTeam "Aruba"]
[BlackTeam "Philippines"]
[WhiteTeamCountry "ARN"]
[BlackTeamCountry "PHI"]
[WhiteClock "0:01:21"]
[BlackClock "0:34:03"]

1. e4 c5 2. Nf3 g6 3. d4 cxd4 4. Nxd4 Bg7 5. c4 Nc6 6. Be3 d6 7. Nc3 Nf6 8. Be2 O-O 9. Nc2 Be6 10. Rc1 ({RR} 10. Qd2 Qa5 11. O-O Rfc8 12. Rae1 Ng4 13. Bxg4 Bxg4 14. b4 Bxc3 15. Qxc3 Qe5 16. Qd3 Re8 17. Bd4 Qg5 {1-0 (17) Grigoriants,S (2567)-Appolonov,S (2370) Moscow 2015}) 10... Rc8 11. O-O a6 12. b3 Qa5 $146 ({RR} 12... Ng4 13. Bxg4 Bxg4 14. Qd2 Qa5 15. b4 Qe5 16. Nd5 Be6 17. Nb6 Rcd8 18. f3 Qc3 19. Qxc3 Bxc3 20. b5 axb5 21. cxb5 Ne5 22. Nd4 Bxd4 23. Bxd4 Bxa2 24. Rc7 e6 25. Rxb7 Nc4 26. Nd7 Na5 27. Ra7 {Schut,H (2101)-Lauridsen,J (2250) chess.com INT 2023 1-0 (32)}) 13. Bd2 Qd8 14. Be3 Bd7 15. h3 b5 16. c5 Be6 17. cxd6 exd6 18. Nd4 Nxd4 19. Bxd4 Qa5 20. Qd3 Rfe8 21. f4 d5 22. e5 Ne4 23. Bg4 Qa3 24. Bxe6 fxe6 25. Rc2 Nxc3 26. Rxc3 Bf8 27. Rf2 Qe7 28. Kh2 Bh6 29. Kg3 Qf7 30. Rxc8 Rxc8 31. a4 bxa4 32. Qxa6 Rf8 33. f5 axb3 34. fxe6 Bf4+ 35. Kf3 Qe7 0-1

[Event "45th FIDE Chess Olympiad Open"]
[Site "Budapest, Hungary"]
[Date "2024.09.11"]
[Round "1.202"]
[White "Bersamina, Paulo"]
[Black "Stetsenko, Ilya"]
[Result "1-0"]
[WhiteElo "2425"]
[BlackElo "1903"]
[PlyCount "99"]
[EventDate "2024.??.??"]
[WhiteTeam "Philippines"]
[BlackTeam "Aruba"]
[WhiteTeamCountry "PHI"]
[BlackTeamCountry "ARN"]
[WhiteClock "0:01:50"]
[BlackClock "0:10:01"]

1. e4 c6 2. Nc3 d5 3. Nf3 dxe4 4. Nxe4 Nf6 5. Qe2 Nxe4 6. Qxe4 Qd5 7. Qh4 Qe6+ 8. Be2 Qg4 9. Qg3 Qxg3 10. hxg3 g6 11. Bc4 ({RR} 11. d4 Bg7 12. Bh6 Bf6 13. Ne5 Be6 14. O-O-O Nd7 15. f4 Rg8 16. g4 Rd8 17. c4 Bxe5 18. fxe5 Nb6 19. b3 g5 20. Kc2 f6 21. exf6 exf6 22. Kc3 Kf7 23. Rdf1 Rg6 24. Bd3 Bxg4 25. Bxg6+ Kxg6 {Bacrot,E (2708)-Topalov,V (2749) Paris 2017 ½-½ (46)}) 11... Nd7 ({RR} 11... Bg7 12. Ng5 e6 13. c3 Nd7 14. d4 Nf6 15. Bf4 h6 16. Nf3 Nd5 17. Bd6 Bf8 18. Be5 Rg8 19. g4 f6 20. Bxd5 exd5 21. Bxf6 Bxg4 22. Ne5 Be6 23. O-O-O c5 24. dxc5 h5 25. g4 Bxc5 26. gxh5 {Schnaider,I (2377)-Heredia Serrano,C (2050) Lignano Sabbiadoro ITA 2024 1-0 (39)}) 12. Ng5 Ne5 13. Bb3 f6 $146 ({RR} 13... h6 14. d4 Bg7 15. dxe5 hxg5 16. Rxh8+ Bxh8 17. Bxg5 Bxe5 18. O-O-O a5 19. a4 b5 20. Re1 Bd6 21. Rh1 f6 22. Be3 Kd7 23. f4 Bb7 24. Rh6 bxa4 25. Bxa4 Rg8 26. g4 Kc7 27. Kd2 c5 28. g3 {Preotu,R (2461)-Purtseladze,M (2261) chess.com INT 2023 1-0 (39)}) ({RR} 13... a5 14. a4 c5 15. f4 c4 16. Ba2 Nc6 17. Bxc4 e6 18. c3 h6 19. d4 Be7 20. Nf3 Kf8 21. Be3 Kg7 22. g4 Bd7 23. Kf2 Rac8 24. Be2 Bd6 25. g3 Ne7 26. Bd2 Bc6 27. Rhe1 Bd5 28. Ne5 {Perez Gormaz,M (2421)-Bruedigam,M (2386) chess.com INT 2023 1-0 (56)}) 14. Ne6 Bxe6 15. Bxe6 Rd8 16. d3 Rd6 17. Bb3 h5 18. Be3 b6 19. f3 Bh6 20. Bf2 c5 21. Ke2 Nc6 22. c3 e5 23. g4 Bg5 24. Ba4 Kf7 25. Rh3 Nd8 26. Bb3+ Ne6 27. Rah1 Rhd8 28. gxh5 Ke7 29. Bxe6 Kxe6 30. Rd1 gxh5 31. Rxh5 R8d7 32. a4 Kf5 33. b3 Kg6 34. Rh8 Kg7 35. Rh5 Kg6 36. g4 a6 37. Rh8 a5 38. Rg8+ Kf7 39. Rb8 Kg6 40. Rh8 Kg7 41. Rh3 Kg6 42. Rh5 Rd8 43. Be3 Bxe3 44. Kxe3 R6d7 45. Ke4 Rd6 46. Rh4 Kg5 47. Rdh1 Kg6 48. Rh6+ Kf7 49. Rh7+ Ke6 50. R1h6 1-0

[Event "45th FIDE Chess Olympiad Open"]
[Site "Budapest, Hungary"]
[Date "2024.09.11"]
[Round "1.203"]
[White "Croes, Octavio"]
[Black "Gomez, John Paul"]
[Result "0-1"]
[WhiteElo "1850"]
[BlackElo "2408"]
[PlyCount "56"]
[EventDate "2024.??.??"]
[WhiteTeam "Aruba"]
[BlackTeam "Philippines"]
[WhiteTeamCountry "ARN"]
[BlackTeamCountry "PHI"]
[WhiteClock "0:26:33"]
[BlackClock "0:34:10"]

1. d4 c5 2. d5 Nf6 3. c4 e6 4. Nc3 exd5 5. cxd5 d6 6. e4 g6 7. Be2 Bg7 8. Nf3 O-O 9. O-O Bg4 10. Nd2 Bxe2 11. Qxe2 Nbd7 12. Nc4 Nb6 13. f3 ({RR} 13. Ne3 Re8 14. Qc2 c4 15. a4 Rc8 16. a5 Nbd7 17. Ra4 Nc5 18. Rxc4 Ncxe4 19. Nxe4 Nxe4 20. Rxc8 Qxc8 21. Qb3 h5 22. h3 Re7 23. Qd3 Qc5 24. a6 bxa6 25. Qxa6 Rc7 26. Qd3 f5 27. b3 Qc3 {Wojtaszek,R (2696)-Rapport,R (2776) Warsaw 2022 0-1 (68)}) ({RR} 13. Nxb6 Qxb6 14. Bf4 Rfe8 15. Qc2 Nd7 16. Rae1 Ne5 17. Bc1 Qa6 18. Rd1 b5 19. b3 c4 20. b4 Nd3 21. a3 Qb7 22. Be3 Rac8 23. f3 a6 24. Kh1 Qe7 25. Ne2 f5 26. Nd4 Bxd4 27. Bxd4 fxe4 {Finek,V (2416)-Hakobyan,A (2616) chess.com INT 2024 0-1 (40)}) 13... Nxc4 $146 ({RR} 13... Re8 14. a4 Nfxd5 15. Nxd5 Nxd5 16. Qd1 Bd4+ 17. Kh1 Nb4 18. Bf4 Re6 19. Qb3 d5 20. exd5 Qxd5 21. Nd2 Re2 22. Rae1 Rxe1 {0-1 (22) Menzel,J-Hort,V (2545) Krefeld 1986}) 14. Qxc4 a6 15. Be3 b5 16. Qd3 Nd7 17. f4 Re8 18. Rae1 Nf6 19. Bc1 c4 20. Qf3 b4 21. e5 bxc3 22. exf6 Qxf6 23. bxc3 Qxc3 24. Rxe8+ Rxe8 25. h3 Qxf3 26. gxf3 Bd4+ 27. Kh1 c3 28. Ba3 c2 0-1

[Event "45th FIDE Chess Olympiad Open"]
[Site "Budapest, Hungary"]
[Date "2024.09.11"]
[Round "1.204"]
[White "Garcia, Jan Emmanuel"]
[Black "Pesqueira, Jose"]
[Result "1-0"]
[WhiteElo "2380"]
[BlackElo "1880"]
[PlyCount "68"]
[EventDate "2024.??.??"]
[WhiteTeam "Philippines"]
[BlackTeam "Aruba"]
[WhiteTeamCountry "PHI"]
[BlackTeamCountry "ARN"]
[WhiteClock "0:09:58"]
[BlackClock "0:27:31"]

1. Nf3 c5 2. c4 g6 3. d4 cxd4 4. Nxd4 Nc6 5. e4 Nf6 6. Nc3 d6 7. Be2 Nxd4 8. Qxd4 Bg7 9. Be3 O-O 10. Qd2 Be6 11. Rc1 Qa5 12. f3 Rfc8 13. b3 a6 14. Nd5 Qxd2+ 15. Kxd2 Nxd5 16. exd5 Bd7 17. a4 ({RR} 17. Rc2 b5 18. g4 b4 19. Kd3 a5 20. Bd4 Bxd4 21. Kxd4 Rc5 22. a3 Rb8 23. axb4 Rxb4 24. Kc3 e6 25. dxe6 Bxe6 26. Ra1 d5 27. Rxa5 Rbxc4+ 28. bxc4 Rxa5 29. Kb4 Ra8 30. c5 Kf8 31. c6 Ke7 {Wacker,P (2204)-Scholz,A (1931) Bodenmais GER 2024 1-0 (53)}) 17... e6 18. dxe6 Bxe6 19. Bf4 $146 ({RR} 19. Rhd1 d5 20. cxd5 Bxd5 21. Bc4 Bc6 22. Ke2 Be5 23. Kf2 h5 24. f4 Bf6 25. Bd4 Bxd4+ 26. Rxd4 b5 27. Be2 Be8 28. Rxc8 Rxc8 29. a5 Kf8 30. Ke3 Bc6 31. g3 Ke7 32. Rd3 Bb7 33. Kd2 Rh8 {Zhuravlev,V (2485)-Lerner,K (2515) St Petersburg 1992 1-0 (62)}) ({RR} 19. Rc2 b5 20. axb5 axb5 21. Rhc1 b4 22. Bd3 Ra3 23. Rb1 d5 24. cxd5 Bc3+ 25. Ke2 Bxd5 26. Bc4 Rxc4 27. bxc4 Bxc4+ 28. Kf2 Bd3 29. Rxc3 bxc3 30. Rb8+ Kg7 31. Bd4+ Kh6 32. g4 c2 33. Rc8 Ra4 {Hamelink,D (2105)-Lanchava,T (2330) Leeuwarden 2002 ½-½ (41)}) 19... b5 20. cxb5 axb5 21. Rxc8+ Rxc8 22. Rc1 Rxc1 23. Kxc1 bxa4 24. bxa4 d5 25. a5 Bc3 26. a6 Bd7 27. Kc2 Bd4 28. Kb3 Bc5 29. Be5 Bc6 30. Kc3 Kf8 31. Bd4 Bd6 32. g3 Ke7 33. a7 Kd7 34. Bb5 Bc7 1-0

[Event "45th FIDE Chess Olympiad Open"]
[Site "Budapest, Hungary"]
[Date "2024.09.11"]
[Round "1.205"]
[White "Galaviz Medina, Sion Radamantys"]
[Black "D`Amico, Nicola"]
[Result "1-0"]
[WhiteElo "2488"]
[BlackElo "1801"]
[PlyCount "49"]
[EventDate "2024.??.??"]
[WhiteTeam "Mexico"]
[BlackTeam "San Marino"]
[WhiteTeamCountry "MEX"]
[BlackTeamCountry "SMR"]
[WhiteClock "0:54:17"]
[BlackClock "0:32:35"]

1. d4 d5 2. c4 e6 3. Nc3 Nf6 4. cxd5 exd5 5. Bg5 c6 6. e3 h6 7. Bh4 Bd6 8. Bd3 O-O 9. Nge2 ({RR} 9. Qc2 Re8 10. Nf3 Be6 11. Ne5 c5 12. O-O cxd4 13. exd4 Nc6 14. Nxc6 bxc6 15. Bg3 Bxg3 16. hxg3 Ng4 17. Bf5 Qf6 18. Bxg4 Bxg4 19. Qd2 Rab8 20. Rfe1 Rxe1+ 21. Rxe1 Qg5 22. Qxg5 hxg5 23. b3 Rb4 {Sarana,A (2654)-Esipenko,A (2682) Chess.com INT 2020 1-0 (78)}) 9... Re8 10. h3 Nbd7 ({RR} 10... b5 11. Rc1 Bd7 12. O-O a5 13. e4 b4 14. e5 g5 15. Bg3 bxc3 16. exd6 cxb2 17. Rb1 Ne4 18. Be5 Bf5 19. Qc2 Qd7 20. Ng3 Bg6 21. Rxb2 c5 22. Bb5 Nc6 23. Nxe4 Bxe4 24. Qxc5 Rec8 25. Rc1 {Urkedal,F (2560)-Tomaszewski,K (2300) Stavanger NOR 2024 1-0 (34)}) 11. O-O Qc7 $146 ({RR} 11... Nf8 12. Qd2 Ng6 13. Bg3 Ne4 14. Bxe4 dxe4 15. a3 Nh4 16. Qc2 Bf5 17. b4 Re6 18. Bxd6 Qxd6 19. Ng3 Rae8 20. Nce2 Rf6 21. Qc5 Qd7 22. Nf4 b6 23. Qc4 Ng6 24. Nfh5 Rd6 25. Nxf5 Qxf5 26. Ng3 {Sarana,A (2675)-Narayanan,S (2559) Chess.com INT 2022 1-0 (41)}) ({RR} 11... Nf8 12. Qc2 a5 13. a3 Ne6 14. Bg3 Bxg3 15. Nxg3 Ng5 16. Rae1 Nxh3+ 17. gxh3 Bxh3 18. Bf5 Bxf1 19. Rxf1 g6 20. Bh3 h5 21. Kg2 Kg7 22. Rg1 b5 23. Nce2 Qd6 24. Kf1 Kf8 25. Nf4 Ne4 26. Nd3 {Bluebaum,M (2646)-Nevednichy,V (2531) Playchess.com INT 2020 1-0 (43)}) 12. Qc2 a5 13. Rae1 b5 14. Bg3 b4 15. Nb5 cxb5 16. Qxc7 Bxc7 17. Bxc7 Ne4 18. Rc1 Nd2 19. Rfe1 Nc4 20. b3 Na3 21. Nf4 Bb7 22. Bf5 Nf8 23. Be5 Ne6 24. Bxe6 fxe6 25. Rc7 1-0

[Event "45th FIDE Chess Olympiad Open"]
[Site "Budapest, Hungary"]
[Date "2024.09.11"]
[Round "1.206"]
[White "Righi, Ezio"]
[Black "Cori Quispe, Kevin Joel"]
[Result "0-1"]
[WhiteElo "1909"]
[BlackElo "2461"]
[PlyCount "82"]
[EventDate "2024.??.??"]
[WhiteTeam "San Marino"]
[BlackTeam "Mexico"]
[WhiteTeamCountry "SMR"]
[BlackTeamCountry "MEX"]
[WhiteClock "0:22:13"]
[BlackClock "0:01:02"]

1. e4 c5 2. Nf3 Nc6 3. d4 cxd4 4. Nxd4 Nf6 5. Nc3 d6 6. Be2 g6 7. Be3 Bg7 8. Qd2 Ng4 9. Bxg4 Bxg4 10. f3 Be6 11. h4 ({RR} 11. Nxe6 fxe6 12. Bh6 Bf6 13. Ne2 Qa5 14. Qxa5 Nxa5 15. O-O-O g5 16. f4 gxf4 17. Bxf4 Rg8 18. g3 Nc6 19. Rhf1 Be5 20. Bxe5 Nxe5 21. Nf4 Kd7 22. Nd3 Ng4 23. Rf4 Ke8 24. Rd2 e5 25. Rf3 Nf6 {Ragger,M (2701)-Georgiadis,N (2534) Austria 2018 ½-½ (41)}) ({RR} 11. Nxe6 fxe6 12. Bh6 Be5 13. Bf4 Rc8 14. Bxe5 Nxe5 15. O-O-O Qa5 16. Kb1 Nc4 17. Qd4 O-O 18. Ne2 Na3+ 19. bxa3 Qb5+ 20. Qb2 Qxe2 21. h4 Rc6 22. Rhe1 Qxg2 23. Rd3 Rxf3 24. Rb3 Rf1 25. Rc1 b6 {Daftuar,R (1730)-Corrales Jimenez,F (2538) Norfolk, VA USA 2024 0-1}) 11... Ne5 12. b3 h5 $146 ({RR} 12... a5 13. a4 h5 14. O-O O-O 15. Rad1 Rc8 16. Rfe1 Bf6 17. Bf2 Nc6 18. Nce2 Kh7 19. Nb5 Qd7 20. Nf4 Nb4 21. c4 Qd8 22. Nc3 Re8 23. Re2 Qc7 24. Nb5 Qd8 25. Qe1 Be5 26. Be3 Na6 27. Nd3 {Karthik,V (2515)-Chirag,M (1600) Chennai 2019 1-0 (72)}) 13. Nd5 Rc8 14. Rd1 O-O 15. c4 a6 16. O-O Bd7 17. g3 b5 18. cxb5 axb5 19. Rc1 e6 20. Rxc8 Bxc8 21. Nb4 Bd7 22. Rc1 Qa8 23. Kg2 f5 24. exf5 Rxf5 25. Nxf5 Qxf3+ 26. Kg1 Qxf5 27. Qf2 Qg4 28. Qf4 Qe2 29. Qf2 Qg4 30. Qf4 Qh3 31. Rc2 Ng4 32. Qf3 Be5 33. Rg2 Nxe3 34. Qxe3 Qg4 35. Qd2 Bd4+ 36. Kf1 Qf3+ 37. Rf2 Qh1+ 38. Ke2 Qe4+ 39. Kf1 e5 40. Nc2 Bh3+ 41. Kg1 Qg2# 0-1

[Event "45th FIDE Chess Olympiad Open"]
[Site "Budapest, Hungary"]
[Date "2024.09.11"]
[Round "1.207"]
[White "Ibarra Chami, Luis Fernando"]
[Black "Volpinari, Danilo"]
[Result "1-0"]
[WhiteElo "2427"]
[BlackElo "1939"]
[PlyCount "75"]
[EventDate "2024.??.??"]
[WhiteTeam "Mexico"]
[BlackTeam "San Marino"]
[WhiteTeamCountry "MEX"]
[BlackTeamCountry "SMR"]
[WhiteClock "0:03:23"]
[BlackClock "0:00:50"]

1. c4 e6 2. Nf3 d5 3. g3 Nf6 4. Bg2 Be7 5. O-O O-O 6. b3 c6 7. Bb2 Nbd7 8. Qc2 a5 9. d3 Re8 ({RR} 9... Bd6 10. Nc3 Re8 11. Rac1 Qe7 12. d4 Bb4 13. Nd2 b5 14. e4 bxc4 15. bxc4 Ba6 16. e5 Ng4 17. Rfd1 Nb6 18. c5 Nd7 19. Nf3 f6 20. exf6 Ndxf6 21. h3 Bxc3 22. Bxc3 Nh6 23. a4 Nf7 24. Bxa5 {Demidov,M (2587)-Prohaszka,P (2585) chess.com INT 2023 1-0 (85)}) ({RR} 9... a4 10. e4 dxe4 11. dxe4 axb3 12. axb3 Rxa1 13. Bxa1 Qa5 14. Bc3 Qh5 15. e5 Ng4 16. Re1 Bc5 17. Re2 f6 18. exf6 Ndxf6 19. h3 Nxf2 20. Rxf2 Bxf2+ 21. Kxf2 Qf5 22. Qxf5 exf5 23. Nfd2 f4 24. g4 {Awoki,D (2152)-Rigonati,E (1827) Sao Paulo BRA 2024 1-0 (50)}) 10. e4 dxe4 $146 ({RR} 10... Nf8 11. e5 N6d7 12. Nc3 d4 13. Nxd4 Nxe5 14. Na4 Bf6 15. Rad1 Ned7 16. Rfe1 Rb8 17. Re3 Nb6 18. Nxb6 Bxd4 19. Bxd4 Qxd4 20. c5 Nd7 21. Na4 Nf6 22. Qd2 Ra8 23. Nb6 Ra7 24. Rc1 Qd8 25. d4 {Le,H (2106)-Nay,O (2303) Ho Chi Minh City 2016 1-0 (60)}) 11. dxe4 Nc5 12. e5 Nfd7 13. Nbd2 Nf8 14. Bd4 Qc7 15. Qc3 b6 16. Qe3 Nfd7 17. Rab1 Bb7 18. h4 Na6 19. Ne4 c5 20. Bc3 Nb4 21. a3 Nc2 22. Qe2 Nd4 23. Nxd4 cxd4 24. Bxd4 Nxe5 25. Qh5 Ng6 26. Qb5 Bxe4 27. Bxe4 Rab8 28. h5 Nf8 29. b4 Red8 30. Rfd1 Rdc8 31. Be5 Qxc4 32. Qxc4 Rxc4 33. Bxb8 Rxe4 34. b5 Bxa3 35. Bd6 Bxd6 36. Rxd6 h6 37. Rxb6 Nd7 38. Rd6 1-0

[Event "45th FIDE Chess Olympiad Open"]
[Site "Budapest, Hungary"]
[Date "2024.09.11"]
[Round "1.208"]
[White "Grassi, Enrico"]
[Black "Palma Villanueva, Miguel Tadeo"]
[Result "0-1"]
[WhiteElo "1965"]
[BlackElo "2266"]
[PlyCount "62"]
[EventDate "2024.??.??"]
[WhiteTeam "San Marino"]
[BlackTeam "Mexico"]
[WhiteTeamCountry "SMR"]
[BlackTeamCountry "MEX"]
[WhiteClock "0:45:34"]
[BlackClock "1:14:07"]

1. e4 c5 2. Nf3 e6 3. d4 cxd4 4. Nxd4 Nf6 5. Bd3 Nc6 6. Nxc6 bxc6 7. c4 d5 8. cxd5 cxd5 9. exd5 Qxd5 10. f3 ({RR} 10. Be2 Bb4+ 11. Bd2 Bxd2+ 12. Nxd2 Bb7 13. Qa4+ Bc6 14. Qa3 Qxg2 15. O-O-O Qxf2 16. Nc4 Qf4+ 17. Kb1 Ne4 18. Rhg1 Rc8 19. Rxg7 Bd5 20. Ne3 Nc3+ 21. bxc3 Rb8+ 22. Ka1 Qxe3 23. Bh5 Rb7 24. Rf1 Rf8 {Kovacs,L (2345)-Wiedenkeller,M (2460) Malmo 1984 0-1 (46)}) ({RR} 10. O-O Bb7 11. f3 Rd8 {0-1 (11) Haydon,D (2230)-Blanco Diez,D (2305) chess.com INT 2024}) 10... Bb4+ 11. Kf2 $146 ({RR} 11. Kf1 O-O 12. Be2 Qc6 13. g3 Bb7 14. Kg2 Rfd8 15. Qb3 Ba6 16. Qxb4 Bxe2 17. Qc3 Qb5 18. a4 Qf5 19. g4 Nxg4 20. Nd2 Rac8 21. Qb4 Rxd2 {0-1 (21) Dimitrov Uzunov,N (1896)-Lopez Gracia,F (2368) Aragon 2013}) 11... Bc5+ 12. Ke1 O-O 13. Nc3 Qd4 14. Rf1 Rd8 15. Bxh7+ Nxh7 16. Qxd4 Bxd4 17. Bd2 Ba6 18. Rh1 Rab8 19. b3 Rbc8 20. Rc1 Rc5 21. f4 Bf2+ 22. Kxf2 Rxd2+ 23. Ke1 Rxg2 24. h4 Nf6 25. a4 Ne4 26. Rc2 Rxc2 27. Nxe4 Rc1+ 28. Kf2 R5c2+ 29. Kg3 Rxh1 30. Nf2 Rg1+ 31. Kh2 Rg6 0-1

[Event "45th FIDE Chess Olympiad Open"]
[Site "Budapest, Hungary"]
[Date "2024.09.11"]
[Round "1.210"]
[White "Flores Quillas, Diego Saul Rodri"]
[Black "Kibrom Weldegebriel Beraki"]
[Result "1-0"]
[WhiteElo "2451"]
[BlackElo "1885"]
[PlyCount "91"]
[EventDate "2024.??.??"]
[WhiteTeam "Peru"]
[BlackTeam "Eritrea"]
[WhiteTeamCountry "PER"]
[BlackTeamCountry "ERI"]
[WhiteClock "0:57:49"]
[BlackClock "0:17:28"]

1. e4 d6 2. d4 Nf6 3. Nc3 c6 4. Nf3 Bg4 5. h3 Bh5 6. Bd3 e6 7. Bg5 Be7 8. g4 Bg6 9. Qe2 ({RR} 9. Qd2 d5 10. Bxf6 Bxf6 11. e5 Be7 12. O-O-O a6 13. h4 c5 14. h5 Bxd3 15. Qxd3 Nc6 16. dxc5 Bxc5 17. g5 Nxe5 18. Nxe5 Qxg5+ 19. Kb1 Qxe5 20. Rde1 Qd6 21. Nxd5 O-O-O 22. Nc3 Qxd3 23. cxd3 Rxd3 {Postnikov,A (2176)-Martine,J (1998) chess.com INT 2024 0-1 (46)}) 9... Nbd7 10. h4 $146 ({RR} 10. Bxf6 Bxf6 11. O-O-O e5 12. d5 Nb6 13. Kb1 a6 14. h4 h5 15. g5 Be7 16. Nd2 Qc7 17. Nf1 cxd5 18. exd5 O-O-O 19. Rh3 Kb8 20. Bxg6 fxg6 21. Ne4 Qc4 22. Qxc4 Nxc4 23. b3 Na3+ 24. Kc1 Rc8 {Le Roux,J (2559)-Shirazi,K (2417) Paris 2012 ½-½ (60)}) 10... h5 11. Bxf6 Nxf6 12. g5 Nd7 13. O-O-O e5 14. dxe5 dxe5 15. Qe1 Qc7 16. Bf1 Nc5 17. Bh3 O-O 18. Bf5 b5 19. Qe3 a5 20. Ne2 a4 21. Nd2 Ne6 22. Qh3 Nf4 23. Nxf4 exf4 24. Bxg6 fxg6 25. Qe6+ Kh7 26. Nf3 Rad8 27. Ne5 Rd6 28. Rxd6 Qxd6 29. Qxd6 Bxd6 30. Nxc6 f3 31. Rh3 Rf4 32. Nd4 Bc5 33. Ne6 Be3+ 34. Kd1 Rxe4 35. Rxf3 Rxe6 36. Rxe3 Rd6+ 37. Rd3 Rc6 38. Rd4 Rc5 39. b3 a3 40. b4 Rc3 41. Rf4 Rh3 42. c4 Rh1+ 43. Kc2 bxc4 44. Rxc4 Re1 45. Kb3 Re2 46. Kxa3 1-0

[Event "45th FIDE Chess Olympiad Open"]
[Site "Budapest, Hungary"]
[Date "2024.09.11"]
[Round "1.211"]
[White "Lilay Weldu Gebru"]
[Black "Fernandez Sanchez, Fernando Miguel"]
[Result "0-1"]
[WhiteElo "1977"]
[BlackElo "2399"]
[PlyCount "88"]
[EventDate "2024.??.??"]
[WhiteTeam "Eritrea"]
[BlackTeam "Peru"]
[WhiteTeamCountry "ERI"]
[BlackTeamCountry "PER"]
[WhiteClock "0:02:39"]
[BlackClock "0:25:14"]

1. e4 c5 2. Bc4 Nc6 3. Qh5 e6 4. c3 ({RR} 4. d3 Nf6 5. Qd1 d5 6. exd5 exd5 7. Bb3 Be7 8. Ne2 O-O 9. Bf4 Be6 10. Nd2 b5 11. c3 Re8 12. O-O Nh5 13. Bg3 Bg4 14. f3 Bf5 15. Bc2 d4 16. Ne4 Nxg3 17. N2xg3 Be6 18. Re1 Qb6 {Oberfrank,I (2075)-Krutti,V (2360) Budapest 1999 0-1 (37)}) ({RR} 4. d3 Nf6 5. Qe2 Nd4 6. Qd1 b5 7. Bb3 Bb7 8. Ne2 Nxb3 9. axb3 d5 10. f3 Be7 11. O-O O-O 12. Be3 a6 13. Nd2 Rc8 14. Qe1 dxe4 15. fxe4 Ng4 16. Bf4 e5 17. h3 exf4 18. hxg4 Bh4 {Novikov,E (2276)-Antunes,L (2045) chess.com INT 2024 0-1 (37)}) 4... Nf6 5. Qe2 Nxe4 $146 ({RR} 5... d6 6. d3 a6 7. Nf3 Qc7 8. Bf4 Nh5 9. Bd2 Nf6 10. Na3 Be7 11. Nc2 h6 12. d4 b5 13. e5 dxe5 14. dxe5 Nd7 15. Bd3 Ndxe5 16. Be4 Nxf3+ 17. Qxf3 Bb7 18. Bxc6+ Qxc6 19. Qxc6+ Bxc6 20. f3 {Lewicki,K-Brejer,R Kolobrzeg 2008 0-1 (37)}) ({RR} 5... d5 6. exd5 Nxd5 7. d3 Be7 8. Bxd5 Qxd5 9. Qe4 O-O 10. Ne2 Rd8 11. Nf4 Qxe4+ 12. dxe4 {½-½ (12) Goman,C (1692)-Beadle,J (1565) Vale 2018}) ({RR} 5... d6 6. f4 e5 7. f5 a6 8. a4 Na5 9. Ba2 Be7 10. d3 O-O 11. Nd2 Bd7 12. Nc4 Nxc4 13. Bxc4 b5 14. axb5 axb5 15. Rxa8 Qxa8 16. Bb3 Qc6 17. Nf3 c4 18. Bc2 Rc8 19. O-O Bd8 20. h3 {Dreyer,E (1808)-Marx,T Leutersdorf 2009 ½-½}) 6. Nf3 d5 7. Bb3 Be7 8. d3 Nd6 9. Bf4 O-O 10. O-O f6 11. Re1 Nf7 12. h3 e5 13. Bh2 Re8 14. Nbd2 Bf8 15. a3 Be6 16. Bc2 Rc8 17. b3 b5 18. Bg3 Qd7 19. Rad1 a6 20. Nf1 g6 21. Kh2 Bg7 22. N1d2 f5 23. Kg1 Qe7 24. Nb1 e4 25. dxe4 dxe4 26. Nh2 Qf6 27. Nf1 c4 28. b4 Nce5 29. Bxe5 Nxe5 30. Rd6 Ra8 31. Qe3 Qe7 32. Qb6 Rab8 33. Qxa6 Bc8 34. Qxc8 Rexc8 35. Rd5 Qe6 36. Rd2 Rd8 37. a4 Rxd2 38. Nbxd2 Nd3 39. Re2 Bxc3 40. axb5 Rxb5 41. Ne3 Nf4 42. Kf1 Nxe2 43. Kxe2 Bxd2 44. Kxd2 Qd6+ 0-1

[Event "45th FIDE Chess Olympiad Open"]
[Site "Budapest, Hungary"]
[Date "2024.09.11"]
[Round "1.212"]
[White "Delgado Romero, Marco"]
[Black "Samuel Merhawi Gebrehiwet"]
[Result "1-0"]
[WhiteElo "2390"]
[BlackElo "1788"]
[PlyCount "57"]
[EventDate "2024.??.??"]
[WhiteTeam "Peru"]
[BlackTeam "Eritrea"]
[WhiteTeamCountry "PER"]
[BlackTeamCountry "ERI"]
[WhiteClock "0:24:48"]
[BlackClock "0:25:46"]

1. e4 c5 2. Nf3 Nc6 3. d4 cxd4 4. Nxd4 Nf6 5. Nc3 d6 6. Bg5 e6 7. Qd3 Be7 8. O-O-O a6 9. f4 Qc7 10. Qg3 Bd7 ({RR} 10... O-O 11. Be2 Nxd4 12. Rxd4 b5 13. e5 Ne8 14. Ne4 d5 15. Nf6+ Kh8 16. Qh4 Bxf6 17. exf6 g6 18. Rd3 e5 19. g4 {1-0 (19) Preobrazhenskaya,D (2025)-Hernandez,A (1976) FIDE Online Arena INT 2024}) 11. Be2 Rc8 12. Bf3 O-O $146 ({RR} 12... Nxd4 13. Rxd4 h6 14. Bh4 e5 15. Rd2 exf4 16. Qxg7 Rh7 17. Qxh7 Nxh7 18. Bxe7 Qa5 19. Rd5 b5 20. Bxd6 Be6 21. a3 Bxd5 22. exd5 Ng5 23. Re1+ Kd7 24. Bb4 Qb6 25. Bg4+ Kc7 26. d6+ Kb8 27. d7 {Gavrilakis,N (2350)-Kaloussis,E (2270) Athens 1984 1-0 (46)}) 13. Rhe1 Ne8 14. Bxe7 Nxe7 15. Rd2 b5 16. e5 d5 17. f5 b4 18. Nce2 exf5 19. Nf4 Qa5 20. Kb1 Be6 21. Qg5 Nc6 22. Nfxe6 fxe6 23. Nxe6 Rf7 24. Rxd5 Qb6 25. Bh5 g6 26. Bxg6 hxg6 27. Qxg6+ Rg7 28. Nxg7 Nxg7 29. Rd7 1-0

[Event "45th FIDE Chess Olympiad Open"]
[Site "Budapest, Hungary"]
[Date "2024.09.11"]
[Round "1.213"]
[White "Ferreira, Jorge Viterbo"]
[Black "Muhammed, Shuaau"]
[Result "1/2-1/2"]
[WhiteElo "2535"]
[BlackElo "2052"]
[PlyCount "82"]
[EventDate "2024.??.??"]
[WhiteTeam "Portugal"]
[BlackTeam "Maldives"]
[WhiteTeamCountry "POR"]
[BlackTeamCountry "MDV"]
[WhiteClock "0:08:33"]
[BlackClock "0:00:37"]

1. e4 e5 2. Nf3 Nc6 3. Bb5 a6 4. Ba4 Nf6 5. O-O Be7 6. Re1 b5 7. Bb3 d6 8. c3 O-O 9. h3 Nb8 10. d4 Nbd7 11. Nbd2 Bb7 12. Bc2 Re8 13. Nf1 Bf8 14. Ng3 g6 15. Bd2 Bg7 16. Qc1 d5 17. Bg5 Qc8 ({RR} 17... h6 18. Bxh6 dxe4 19. Nxe5 Nxe5 20. dxe5 Rxe5 21. Bf4 Re6 22. Rd1 Qe7 23. Bb3 Rb6 24. Qe3 a5 25. Bh6 Qe5 26. f4 Qe7 27. f5 a4 28. fxg6 axb3 29. Bxg7 fxg6 30. Bxf6 Rxf6 31. axb3 Kg7 32. Rxa8 {Brodsky,D (2492)-Jiang,A (2213) Charlotte USA 2024 1-0 (36)}) 18. dxe5 Nxe4 19. Bf4 Ndc5 ({RR} 19... f5 20. exf6 Ndxf6 21. a4 c5 22. Bd3 c4 23. Bc2 Nxg3 24. Rxe8+ Qxe8 25. Bxg3 Ne4 26. Bf4 Qf8 27. Be3 b4 28. Bxe4 dxe4 29. Nd4 Qd6 30. a5 Qd5 31. Qe1 Rf8 32. Ra4 Bxd4 33. cxd4 b3 34. Qc1 {Bacrot,E (2671)-Amin,B (2699) Cap d'Agde 2019 1-0 (64)}) 20. Nf1 $146 ({RR} 20. Nd4 Nxg3 21. Bxg3 Ne4 22. Bf4 Qd7 23. Nb3 f6 24. e6 Qc6 25. Na5 Qb6 26. Be3 c5 27. Nxb7 Qxb7 28. f3 Ng5 29. Bxg5 fxg5 30. Qxg5 Qc6 31. Rad1 Rad8 {½-½ (31) Saypuri,S (2172)-Vishwa,V (2199) Belgrade SRB 2022}) 20... Ne6 21. Bh6 c5 22. Bxg7 Kxg7 23. N3h2 f5 24. h4 c4 25. Nf3 b4 26. cxb4 d4 27. Ba4 Rd8 28. N3d2 Nxd2 29. Qxd2 Bd5 30. f3 Qb7 31. Ng3 Rab8 32. a3 a5 33. b5 Qb6 34. Kh2 d3 35. Nf1 Qd4 36. Qxa5 Qxh4+ 37. Kg1 Ra8 38. Qb4 Qd4+ 39. Kh1 Qh4+ 40. Kg1 Qd4+ 41. Kh1 Qh4+ 1/2-1/2